000 00458pab a2200181 454500
008 180718b2012 xxu||||| |||| 00| 0 eng d
100 _aMcLeod, Laurie
245 _aA perspective based understanding of project success
260 _c2012
300 _ap.68-86.
362 _aOct
650 _aProject management
700 _aMacDonell, Stephen G.
700 _aDoolin, Bill
773 _aProject Management Journal
908 _aN
909 _a97794
999 _c97793
_d97793